Narcos Trivia - Statistics

General Stats
  • This quiz has been taken 660 times
  • The average score is 13 of 20
Answer Stats
Hint Answer % Correct
City which Pablo Escobar was from Medellin
89%
Javier's last name Peña
89%
Rival drug-city of above Cali
88%
Follow-up series to Narcos Narcos {Mexico}
88%
Drug Pablo mainly sold Cocaine
86%
Media corporation that made Narcos Netflix
76%
Steve's last name Murphy
74%
Employer of the two above The DEA
74%
What Carrillo gave to a child to give it to Pablo A bullet
70%
Name of Pablo's cousin who was a close friend of him Gustavo Gaviria
69%
Vigilante group that aimed to kill Pablo Los {Pepes}
68%
Country Pablo's family got deported from Germany
67%
Colombian three police units {Search} Bloc
66%
Name of Pablo's wife Tata
65%
Last standing friend of Pablo that protected him Limón
59%
Main job of Valeria Vélez Journalism
57%
Nickname of Hélmer Herrera Pacho
52%
Actor that plays Pablo Escobar Wagner Moura
43%
City in which José Santacruz Londoño has his drug business New York City
38%
Cartel that rose to power after those two fragmented in the late 90's North Valley
24%
No matching quizzes found
Score Distribution
Percent of People with Each Score
Percentile by Number Answered
Your Score History
You have not taken this quiz